000 004850000a22001210004500
100 1 _aDelgado García, César A.
245 1 0 _aConstruir conocimiento matemático para incluir en la educación superior
300 _anúm.39 (Jun. - Jul., 2009), P. 63 - 67
500 _aExperiencia con estudiantes indígenas y afrodescendientes en la Universidad del Valle
650 1 4 _aMATEMATICAS / EDUCACIÓN SUPERIOR
773 0 _tRevista internacional magisterio : educación y ped
942 _cANA
999 _c62952
_d62952